[Event "Nordic chess championship for youth"]
[Site "Scandic Park hotell, Drammen"]
[Date "2017.02.17"]
[Round "1"]
[White "Nilsson, Joakim"]
[Black "Haug, Johannes"]
[Result "0-1"]
[WhiteElo "2014"]
[BlackElo "2311"]
[PlyCount "108"]
[EventDate "2017.??.??"]

1. d4 Nf6 2. c4 e6 3. g3 Bb4+ 4. Bd2 a5 5. Bg2 d5 6. Nf3 O-O 7. O-O Be7 8. Bf4
c6 9. Nc3 Nbd7 10. Qc2 h6 11. Rfd1 dxc4 12. e4 b6 13. Qe2 Bb4 14. d5 exd5 15.
exd5 Re8 16. Qc2 Nxd5 17. Nxd5 cxd5 18. Rxd5 Bb7 19. Rdd1 Qc8 20. Rac1 b5 21.
Qf5 Bc6 22. Nd4 Bxg2 23. Kxg2 Qb7+ 24. Kg1 Bc5 25. Nb3 Bxf2+ 26. Kxf2 Re2+ 27.
Kxe2 Qg2+ 28. Ke3 Re8+ 29. Kd4 Qf2+ 30. Kd5 Re6 31. Qxe6 fxe6+ 32. Kc6 Nf6 33.
Nc5 Qxb2 34. Rd2 Qa3 35. Rf1 c3 36. Rd8+ Kh7 37. Nxe6 c2 38. Nf8+ Kg8 39. Nd7+
Kh7 40. Nf8+ Kg8 41. Nd7+ Kh7 42. Nf8+ Kg8 43. Nd7+ Kf7 44. Rf8+ Kg6 45. Ne5+
Kh7 46. Rd8 Qc3+ 47. Kb6 g5 48. Bxg5 hxg5 49. Rxf6 Qxe5 50. Rc6 Qe3+ 51. Ka6
c1=Q 52. Rd7+ Kg8 53. Rd8+ Kf7 54. Rh6 Qe6+
0-1

[Event "Nordic chess championship for youth"]
[Site "Scandic Park hotell, Drammen"]
[Date "2017.02.17"]
[Round "1"]
[White "Merkesvik, Sondre"]
[Black "Nazarova, Anastasia"]
[Result "1/2-1/2"]
[WhiteElo "2258"]
[BlackElo "1998"]
[PlyCount "100"]
[EventDate "2017.??.??"]
[WhiteClock "0:01:51"]
[BlackClock "0:00:56"]

1. Nf3 d5 2. d4 Nf6 3. c4 e6 4. g3 Be7 5. Bg2 O-O 6. O-O Nbd7 7. Qc2 c6 8. Nbd2
b6 9. a3 Bb7 10. b4 a5 11. Rb1 axb4 12. axb4 dxc4 13. Nxc4 c5 14. Nfe5 Bxg2 15.
Kxg2 Nxe5 16. dxe5 Nd5 17. b5 Nb4 18. Qe4 Ra4 19. Bd2 Nd5 20. Qc2 Qa8 21. e4
Bd8 22. f3 Ne7 23. Bg5 Qa7 24. Rf2 Nc8 25. Bxd8 Rxd8 26. Rd1 Rf8 27. Rfd2 Ra1
28. Kh3 Rxd1 29. Qxd1 Qc7 30. Rd7 Qb8 31. Qa4 f6 32. Qa6 Rf7 33. Rxf7 Kxf7 34.
Kg2 Kf8 35. f4 Qc7 36. Qa8 Ke7 37. h4 h6 38. Kh3 Kd7 39. Qa1 Ke7 40. exf6+ gxf6
41. e5 f5 42. g4 fxg4+ 43. Kxg4 Qb7 44. Qa2 Qe4 45. Qb3 Qf5+ 46. Kg3 Qg6+ 47.
Kf2 Qe4 48. Kg3 Qg6+ 49. Kf3 Qh5+ 50. Kg3 Qg6+
1/2-1/2

[Event "Nordic chess championship for youth"]
[Site "Scandic Park hotell, Drammen"]
[Date "2017.02.17"]
[Round "1"]
[White "Fang, Andy"]
[Black "Heimisson, Hilmir Freyr"]
[Result "0-1"]
[WhiteElo "1846"]
[BlackElo "2192"]
[PlyCount "120"]
[EventDate "2017.??.??"]

1. c4 f5 2. g3 Nf6 3. Bg2 g6 4. Nc3 Bg7 5. e4 fxe4 6. Nxe4 Nxe4 7. Bxe4 e6 8.
Bg2 O-O 9. Ne2 d5 10. d4 c6 11. cxd5 exd5 12. O-O Bg4 13. Be3 Qb6 14. f3 Bf5
15. Qd2 Na6 16. g4 Bd7 17. Rfe1 Rae8 18. Rab1 Nb4 19. Bf2 Qb5 20. a3 Nd3 21.
Nc3 Rxe1+ 22. Rxe1 Qc4 23. b3 Qa6 24. Re7 Bxg4 25. Bf1 Bf5 26. Na4 Bf6 27. Re3
Bxd4 28. Rxd3 Bxf2+ 29. Kxf2 Bxd3 30. Bxd3 b5 31. Qe3 Qc8 32. Nc5 Re8 33. Qh6
Re7 34. Qg5 Qc7 35. Qg3 Qd8 36. h4 Rf7 37. h5 Qf6 38. hxg6 Qb2+ 39. Kg1 Qc1+
40. Kg2 hxg6 41. Qb8+ Rf8 42. Qg3 Qd2+ 43. Kh3 Qh6+ 44. Kg2 Rf7 45. Kf2 Qd2+
46. Kf1 Qc1+ 47. Kg2 Qxc5 48. Bxg6 Rg7 49. Kh3 Qf8 50. f4 d4 51. f5 c5 52. Qe5
Re7 53. Qd5+ Kg7 54. Kg4 a6 55. Qh1 Kf6 56. Qc6+ Kg7 57. Qh1 Re3 58. Qb7+ Qe7
59. Qxe7+ Rxe7 60. Kg5 Re5
0-1

[Event "Nordic chess championship for youth"]
[Site "Scandic Park hotell, Drammen"]
[Date "2017.02.17"]
[Round "1"]
[White "Birkisson, Bardur Orn"]
[Black "Nilssen, Ellen Fredericia"]
[Result "1-0"]
[WhiteElo "2175"]
[BlackElo "1834"]
[PlyCount "67"]
[EventDate "2017.??.??"]

1. d4 e6 2. Nf3 f5 3. g3 Nf6 4. Bg2 Be7 5. b3 O-O 6. Bb2 d5 7. c4 c6 8. Nbd2
Nbd7 9. O-O Ne4 10. Qc2 Ndf6 11. Ne5 Nxd2 12. Qxd2 Ne4 13. Qd3 Ng5 14. a3 Qe8
15. f4 Ne4 16. a4 g5 17. Ba3 Bxa3 18. Rxa3 Qe7 19. Raa1 gxf4 20. gxf4 Rf6 21.
Bxe4 fxe4 22. Qg3+ Kh8 23. Qh4 Bd7 24. Kh1 Be8 25. Rg1 Qf8 26. e3 Rh6 27. Qg5
Bg6 28. Nf7+ Qxf7 29. Qxh6 Bh5 30. h3 Bf3+ 31. Kh2 dxc4 32. Qg5 h5 33. Qh6+ Qh7
34. Qf6+
1-0

[Event "Nordic chess championship for youth"]
[Site "Scandic Park hotell, Drammen"]
[Date "2017.02.17"]
[Round "1"]
[White "Skaale, Janus"]
[Black "Hallman, Valo"]
[Result "0-1"]
[WhiteElo "1696"]
[BlackElo "2142"]
[PlyCount "82"]
[EventDate "2017.??.??"]
[WhiteClock "0:13:31"]
[BlackClock "0:01:28"]

1. e4 d6 2. d4 Nf6 3. Nc3 g6 4. Be3 c6 5. f3 b5 6. Qd2 Nbd7 7. Bd3 Bg7 8. Nge2
a6 9. O-O Bb7 10. Ng3 Qc7 11. Rad1 c5 12. Kh1 h5 13. Rfe1 Rc8 14. Be2 cxd4 15.
Bxd4 Bh6 16. Be3 Bxe3 17. Qxe3 h4 18. Nf1 h3 19. Rd2 hxg2+ 20. Kxg2 Ne5 21. Nd5
Nxd5 22. exd5 Qd7 23. f4 Nc4 24. Bxc4 Rxc4 25. b3 Rc5 26. Qf3 Rh5 27. Ne3 Rc3
28. Qg4 Bxd5+ 29. Rxd5 Qc6 30. Qf3 Rxe3 31. Qxe3 Qxd5+ 32. Kg1 Qc5 33. Qxc5
Rxc5 34. Re2 Rc3 35. Kg2 e6 36. Rd2 Ke7 37. Kf2 Kf6 38. a4 bxa4 39. bxa4 d5 40.
Ke2 Rc4 41. a5 Rxf4
0-1

[Event "Nordic chess championship for youth"]
[Site "Scandic Park hotell, Drammen"]
[Date "2017.02.17"]
[Round "1"]
[White "Moller, Sophus Mechlenburg"]
[Black "Olsen, Kaj"]
[Result "1-0"]
[WhiteElo "2115"]
[BlackElo "1513"]
[PlyCount "41"]
[EventDate "2017.??.??"]

1. e4 e5 2. Bc4 Nf6 3. d3 h6 4. Nf3 Nc6 5. c3 d6 6. O-O Bg4 7. Qb3 Na5 8. Bxf7+
Ke7 9. Qa4 Kxf7 10. Qxa5 Qd7 11. Nbd2 g5 12. d4 b6 13. Qa6 exd4 14. Nxd4 c5 15.
Nc2 h5 16. Ne3 h4 17. Nxg4 Qxg4 18. h3 Qf4 19. Nf3 Qxc1 20. Raxc1 Nxe4 21. Qb7+
1-0

[Event "Nordic chess championship for youth"]
[Site "Scandic Park hotell, Drammen"]
[Date "2017.02.17"]
[Round "2"]
[White "Haug, Johannes"]
[Black "Birkisson, Bardur Orn"]
[Result "1-0"]
[WhiteElo "2311"]
[BlackElo "2175"]
[PlyCount "43"]
[EventDate "2017.??.??"]

1. d4 d5 2. c4 c6 3. Nc3 Nf6 4. cxd5 cxd5 5. f3 Nc6 6. e4 dxe4 7. d5 Ne5 8.
fxe4 Bg4 9. Qd4 Nfd7 10. h3 Bh5 11. Bb5 Qc7 12. Bf4 Nf3+ 13. Nxf3 Qxf4 14. Ne5
Qg3+ 15. Kf1 Qf4+ 16. Kg1 Rd8 17. Rf1 Qg3 18. Nxd7 Rxd7 19. Qxa7 Qc7 20. Qa8+
Qd8 21. Bxd7+ Kxd7 22. Qxb7+
1-0

[Event "Nordic chess championship for youth"]
[Site "Scandic Park hotell, Drammen"]
[Date "2017.02.17"]
[Round "2"]
[White "Hallman, Valo"]
[Black "Merkesvik, Sondre"]
[Result "1/2-1/2"]
[WhiteElo "2142"]
[BlackElo "2258"]
[PlyCount "55"]
[EventDate "2017.??.??"]

1. c4 g6 2. g3 Bg7 3. Bg2 c5 4. Nc3 Nc6 5. e3 e6 6. Nge2 Nge7 7. O-O O-O 8. d4
cxd4 9. Nxd4 d5 10. cxd5 Nxd5 11. Nxd5 exd5 12. Ne2 Ne7 13. Qb3 Qa5 14. Nf4 Rd8
15. Rd1 Bg4 16. Bd2 Bxd1 17. Bxa5 Bxb3 18. Bxd8 Rxd8 19. axb3 g5 20. Nxd5 Nxd5
21. Rd1 Bxb2 22. Rxd5 Rxd5 23. Bxd5 b6 24. f3 Kf8 25. Kf2 Ke7 26. Ke2 Bc1 27.
f4 h6 28. Kf3
1/2-1/2

[Event "Nordic chess championship for youth"]
[Site "Scandic Park hotell, Drammen"]
[Date "2017.02.17"]
[Round "2"]
[White "Heimisson, Hilmir Freyr"]
[Black "Moller, Sophus Mechlenburg"]
[Result "1/2-1/2"]
[WhiteElo "2192"]
[BlackElo "2115"]
[PlyCount "49"]
[EventDate "2017.??.??"]
[WhiteClock "1:22:53"]
[BlackClock "1:27:29"]

1. d4 Nf6 2. Nf3 g6 3. Bf4 Bg7 4. e3 O-O 5. Bd3 d5 6. Nbd2 Nbd7 7. h3 c5 8. c3
b6 9. O-O Bb7 10. Qe2 Ne4 11. Bxe4 dxe4 12. Ng5 Qc8 13. Rfd1 Nf6 14. Be5 Qf5
15. h4 h6 16. Nh3 Rfd8 17. Rac1 Nd7 18. g4 Qe6 19. Nf4 Qxa2 20. Bxg7 Kxg7 21.
d5 Ne5 22. c4 Qxb2 23. Rb1 Qc2 24. Rbc1 Qb2 25. Rb1
1/2-1/2

[Event "Nordic chess championship for youth"]
[Site "Scandic Park hotell, Drammen"]
[Date "2017.02.17"]
[Round "2"]
[White "Nazarova, Anastasia"]
[Black "Nilsson, Joakim"]
[Result "1-0"]
[WhiteElo "1998"]
[BlackElo "2014"]
[PlyCount "79"]
[EventDate "2017.??.??"]
[WhiteClock "1:33:04"]
[BlackClock "1:25:14"]

1. e4 c5 2. Nf3 e6 3. d4 cxd4 4. Nxd4 Nc6 5. Nc3 Qc7 6. Be3 a6 7. Qf3 d6 8.
O-O-O Bd7 9. Qg3 Nf6 10. Bd3 Be7 11. Kb1 Rc8 12. f3 Ne5 13. Be2 Nc4 14. Bxc4
Qxc4 15. Qxg7 Rg8 16. Qh6 Rg6 17. Qh3 b5 18. Rd2 Bd8 19. g4 Ba5 20. Nde2 e5 21.
Qh4 Be6 22. g5 Bxc3 23. Nxc3 Ng8 24. Qf2 b4 25. Nd5 Bxd5 26. Rxd5 Ne7 27. Rd3
d5 28. exd5 Nxd5 29. Rhd1 Nc3+ 30. bxc3 bxc3 31. Ka1 Rb8 32. Rb1 Rxb1+ 33. Kxb1
Qb4+ 34. Kc1 Qb2+ 35. Kd1 Qxa2 36. Bc1 Qc4 37. Qe3 Re6 38. Qe4 Qc7 39. Qa8+ Ke7
40. Ba3+
1-0

[Event "Nordic chess championship for youth"]
[Site "Scandic Park hotell, Drammen"]
[Date "2017.02.17"]
[Round "2"]
[White "Olsen, Kaj"]
[Black "Fang, Andy"]
[Result "0-1"]
[WhiteElo "1513"]
[BlackElo "1846"]
[PlyCount "56"]
[EventDate "2017.??.??"]
[WhiteClock "1:32:47"]
[BlackClock "1:23:33"]

1. e4 c5 2. Nf3 d6 3. d4 cxd4 4. Nxd4 Nf6 5. Nc3 g6 6. Be3 Bg7 7. Bc4 Nc6 8.
O-O O-O 9. f4 Qb6 10. b3 Ng4 11. Na4 Qc7 12. Nb5 Qd8 13. Qe2 Nxe3 14. Qxe3 Bxa1
15. Rxa1 a6 16. Nbc3 b5 17. Bd5 Bb7 18. Nb2 Rc8 19. Nd3 e6 20. Bxc6 Bxc6 21.
Nb4 Bb7 22. Rd1 a5 23. Nd3 Rxc3 24. Qe2 Qc7 25. Ne1 b4 26. Rd2 Qc5+ 27. Kf1 Re3
28. Qc4 Qxc4+
0-1

[Event "Nordic chess championship for youth"]
[Site "Scandic Park hotell, Drammen"]
[Date "2017.02.17"]
[Round "2"]
[White "Nilssen, Ellen Fredericia"]
[Black "Skaale, Janus"]
[Result "1-0"]
[WhiteElo "1834"]
[BlackElo "1696"]
[Annotator "Aure,Håvard"]
[PlyCount "93"]
[EventDate "2017.??.??"]
[WhiteClock "1:28:53"]
[BlackClock "1:33:21"]

1. d4 d5 2. c4 c6 3. Nc3 Nf6 4. Nf3 dxc4 5. a4 Bf5 6. e3 e6 7. Bxc4 Nbd7 8. O-O
Bd6 9. Re1 Ne4 10. Qb3 Qc7 11. Nxe4 Bxe4 12. Bxe6 Bg6 13. Bxd7+ Qxd7 14. e4 O-O
15. Bg5 Rfe8 16. e5 Be7 17. e6 Qc7 18. Qc3 f6 19. Bh4 Rad8 20. Bg3 Bd6 21. Nh4
Bxg3 22. hxg3 Qd6 23. Qb3 Re7 24. Kh1 Rde8 25. f4 f5 26. Re5 Qxd4 27. Rd1 Qb6
28. Qxb6 axb6 29. Rd6 Kh8 30. Kg1 Kg8 31. Kf2 Kh8 32. Ke3 Kg8 33. Kd4 Kh8 34.
b4 Kg8 35. a5 bxa5 36. bxa5 Kh8 37. Kc5 Kg8 38. Kb6 Kh8 39. Rd7 Rxe6 40. Nxg6+
hxg6 41. Rxe6 Rxe6 42. Kxb7 c5 43. a6 Re1 44. a7 Rb1+ 45. Kc8 Ra1 46. Kb8 Rb1+
47. Rb7
1-0

[Event "Nordic chess championship for youth"]
[Site "Scandic Park hotell, Drammen"]
[Date "2017.02.18"]
[Round "3"]
[White "Hallman, Valo"]
[Black "Haug, Johannes"]
[Result "1/2-1/2"]
[WhiteElo "2142"]
[BlackElo "2311"]
[PlyCount "122"]
[EventDate "2017.??.??"]

1. d4 Nf6 2. Nf3 e6 3. c4 Bb4+ 4. Bd2 a5 5. a3 Be7 6. Nc3 d5 7. Bg5 O-O 8. e3
b6 9. cxd5 exd5 10. Bd3 Bb7 11. Qc2 Nbd7 12. O-O c5 13. dxc5 bxc5 14. Rfd1 d4
15. Bxf6 Nxf6 16. Ne4 g6 17. Nxf6+ Bxf6 18. Be4 Bxe4 19. Qxe4 Re8 20. Qc2 Qd5
21. Rac1 Rab8 22. h3 Qb3 23. Qxb3 Rxb3 24. Rxc5 dxe3 25. fxe3 Bxb2 26. Rxa5
Bxa3 27. Nd4 Rc3 28. Nb5 Rc1 29. Rf1 Rxf1+ 30. Kxf1 Bc1 31. Nd6 Rxe3 32. Ra8+
Kg7 33. Ra7 Re6 34. Rxf7+ Kg8 35. Rd7 Bf4 36. Nc4 Bg3 37. Rd1 g5 38. Nb2 Kg7
39. Nd3 Kg6 40. Nc1 h5 41. Ne2 Rf6+ 42. Kg1 Bf2+ 43. Kh1 g4 44. hxg4 hxg4 45.
g3 Be3 46. Nf4+ Kf5 47. Nd5 Rh6+ 48. Kg2 Bg5 49. Nf4 Bxf4 50. gxf4 Kxf4 51.
Rd4+ Kg5 52. Rd3 Ra6 53. Rb3 Kh4 54. Rc3 Ra2+ 55. Kg1 Kg5 56. Rb3 Kf4 57. Rc3
Re2 58. Ra3 Rb2 59. Rc3 g3 60. Rc8 Kf3 61. Rf8+ Ke4
1/2-1/2

[Event "Nordic chess championship for youth"]
[Site "Scandic Park hotell, Drammen"]
[Date "2017.02.18"]
[Round "3"]
[White "Moller, Sophus Mechlenburg"]
[Black "Nazarova, Anastasia"]
[Result "1-0"]
[WhiteElo "2115"]
[BlackElo "1998"]
[PlyCount "55"]
[EventDate "2017.??.??"]
[WhiteClock "0:06:20"]
[BlackClock "0:10:54"]

1. e4 c5 2. Nf3 Nc6 3. d4 cxd4 4. Nxd4 g6 5. Nc3 Bg7 6. Be3 Nf6 7. Bc4 O-O 8.
Bb3 d6 9. f3 Bd7 10. Qd2 Nxd4 11. Bxd4 b5 12. h4 a5 13. h5 e6 14. a4 b4 15. Ne2
Bc6 16. hxg6 hxg6 17. O-O-O Qe7 18. g4 e5 19. Be3 Rfd8 20. Bh6 Qf8 21. Qg5 d5
22. Bxg7 Qxg7 23. Qxe5 Re8 24. Qd6 Rac8 25. exd5 Bxd5 26. Bxd5 Rxe2 27. Bb3 Ne8
28. Qa6
1-0

[Event "Nordic chess championship for youth"]
[Site "Scandic Park hotell, Drammen"]
[Date "2017.02.18"]
[Round "3"]
[White "Merkesvik, Sondre"]
[Black "Nilssen, Ellen Fredericia"]
[Result "1/2-1/2"]
[WhiteElo "2258"]
[BlackElo "1834"]
[PlyCount "73"]
[EventDate "2017.??.??"]
[WhiteClock "0:09:38"]
[BlackClock "0:00:50"]

1. Nf3 Nf6 2. g3 d5 3. Bg2 b5 4. O-O e6 5. d3 Be7 6. c4 c6 7. e4 a6 8. Nbd2 Bb7
9. b3 O-O 10. Bb2 Qb6 11. Qe2 a5 12. Rab1 Na6 13. Ne5 Rfd8 14. Ng4 Nxg4 15.
Qxg4 Bf8 16. a3 b4 17. a4 Qc7 18. d4 c5 19. Rbc1 dxe4 20. d5 f5 21. Qh3 g6 22.
g4 Qf4 23. Qh4 g5 24. Qh5 Qxd2 25. Rc2 Qf4 26. dxe6 fxg4 27. Bc1 Qf5 28. Bxg5
Re8 29. Rd2 Be7 30. Rd7 Bc6 31. Rfd1 Bxd7 32. Bxe4 Qxe4 33. Qf7+ Kh8 34. Bf6+
Bxf6 35. Qxf6+ Kg8 36. Qf7+ Kh8 37. Qf6+
1/2-1/2

[Event "Nordic chess championship for youth"]
[Site "Scandic Park hotell, Drammen"]
[Date "2017.02.18"]
[Round "3"]
[White "Fang, Andy"]
[Black "Skaale, Janus"]
[Result "1/2-1/2"]
[WhiteElo "1846"]
[BlackElo "1696"]
[PlyCount "87"]
[EventDate "2017.??.??"]
[WhiteClock "0:01:30"]
[BlackClock "0:02:06"]

1. c4 e5 2. g3 Nf6 3. Bg2 d5 4. cxd5 Nxd5 5. Nc3 Nb6 6. e3 Nc6 7. Nge2 Be7 8.
O-O O-O 9. f4 f6 10. b3 Be6 11. Qc2 Qd7 12. a3 Rab8 13. d4 exd4 14. Bxc6 bxc6
15. Nxd4 Bc5 16. Nxe6 Qxe6 17. Ne4 Be7 18. f5 Qd7 19. Bb2 Nd5 20. Rad1 Bd6 21.
Bd4 Ne7 22. Qc4+ Kh8 23. Nc5 Bxc5 24. Bxc5 Qe8 25. Qe6 Nd5 26. Bxf8 Qxf8 27.
Rd3 Qxa3 28. Qxc6 Nb4 29. Qxc7 Rg8 30. Rd8 Qxb3 31. Rxg8+ Qxg8 32. Qxa7 h6 33.
Rb1 Nc6 34. Qc5 Ne5 35. Qc7 Qa2 36. Qb8+ Kh7 37. Qb2 Qd5 38. Qe2 Nf3+ 39. Kf2
Ng5 40. g4 Ne4+ 41. Kg1 Nc3 42. Qc2 Nxb1 43. Qxb1 Qf3 44. Qb4
1/2-1/2

[Event "Nordic chess championship for youth"]
[Site "Scandic Park hotell, Drammen"]
[Date "2017.02.18"]
[Round "3"]
[White "Nilsson, Joakim"]
[Black "Olsen, Kaj"]
[Result "1-0"]
[WhiteElo "2014"]
[BlackElo "1513"]
[PlyCount "105"]
[EventDate "2017.??.??"]
[WhiteClock "0:01:05"]
[BlackClock "0:06:40"]

1. d4 Nf6 2. c4 g6 3. g3 Bg7 4. Bg2 d6 5. Nf3 O-O 6. O-O Nbd7 7. Nc3 c5 8. d5
Nb6 9. Qd3 e5 10. e4 h6 11. a3 a5 12. Nd2 Bd7 13. Rb1 Nc8 14. b4 b6 15. f3 Ne7
16. Rf2 Nh5 17. Nf1 f5 18. bxc5 bxc5 19. Rfb2 Ra7 20. Nb5 Ra6 21. Nc3 Ra7 22.
Qc2 Nf6 23. Rb7 Rxb7 24. Rxb7 Qa8 25. Qb1 Qd8 26. Bd2 a4 27. Qb6 Qxb6 28. Rxb6
Nc8 29. Ra6 Kh7 30. Ne3 f4 31. Ned1 g5 32. g4 Rf7 33. Nb5 Bxb5 34. cxb5 Rb7 35.
Bf1 Nb6 36. Ba5 Nfd7 37. Nc3 Kg6 38. Bxb6 Nxb6 39. Nxa4 Nxa4 40. Rxa4 Rc7 41.
Bc4 h5 42. h3 h4 43. Ra6 Bf8 44. a4 Kf7 45. b6 Rc8 46. a5 Be7 47. Ra7 Kf6 48.
Rb7 Bd8 49. Kf1 Ra8 50. a6 Bxb6 51. Rxb6 Ke7 52. Rb7+ Kd8 53. Rh7
1-0

[Event "Nordic chess championship for youth"]
[Site "Scandic Park hotell, Drammen"]
[Date "2017.02.18"]
[Round "4"]
[White "Haug, Johannes"]
[Black "Moller, Sophus Mechlenburg"]
[Result "1/2-1/2"]
[WhiteElo "2311"]
[BlackElo "2115"]
[PlyCount "72"]
[EventDate "2017.??.??"]

1. d4 Nf6 2. c4 g6 3. Nc3 d5 4. cxd5 Nxd5 5. e4 Nxc3 6. bxc3 Bg7 7. Nf3 c5 8.
Be3 Nc6 9. Qd2 Qa5 10. Rb1 a6 11. Rc1 cxd4 12. cxd4 Qxd2+ 13. Kxd2 f5 14. e5
Be6 15. Bc4 Bxc4 16. Rxc4 Rd8 17. Ke2 e6 18. Rb1 Rd7 19. Rb6 Ke7 20. h4 h6 21.
g3 Kf7 22. Rc1 Rc8 23. Rcb1 Rcc7 24. d5 exd5 25. e6+ Kxe6 26. Bf4 Rc8 27. Rxb7
Rxb7 28. Rxb7 Ne7 29. Kd2 Rc4 30. Rb6+ Rc6 31. Rb7 d4 32. Ne1 Rc3 33. Rb6+ Rc6
34. Rb7 Rc3 35. Rb6+ Rc6 36. Rb7 Rc3
1/2-1/2

[Event "Nordic chess championship for youth"]
[Site "Scandic Park hotell, Drammen"]
[Date "2017.02.18"]
[Round "4"]
[White "Nilsson, Joakim"]
[Black "Merkesvik, Sondre"]
[Result "0-1"]
[WhiteElo "2014"]
[BlackElo "2258"]
[PlyCount "126"]
[EventDate "2017.??.??"]

1. d4 Nf6 2. c4 g6 3. Nc3 d5 4. Bg5 Ne4 5. Bf4 Nxc3 6. bxc3 Bg7 7. e3 O-O 8.
Nf3 c5 9. cxd5 Qxd5 10. Be2 Nc6 11. O-O Rd8 12. Qa4 Bd7 13. Qb3 Qxb3 14. axb3
Be6 15. Ra3 cxd4 16. cxd4 a6 17. Bc4 Bd5 18. Bxd5 Rxd5 19. e4 Rb5 20. d5 Nd4
21. Nxd4 Bxd4 22. Ra4 Bb6 23. Rd1 Rxb3 24. e5 Rd8 25. d6 exd6 26. exd6 g5 27.
Bg3 f6 28. Kf1 Rd7 29. Re4 Kf7 30. Rde1 Bc5 31. Re7+ Rxe7 32. Rxe7+ Kg6 33. Rc7
b6 34. Ke2 Rb4 35. d7 Rd4 36. h4 h6 37. hxg5 hxg5 38. f4 Rd5 39. fxg5 Kxg5 40.
Be1 Be7 41. Bf2 Bd8 42. Rb7 b5 43. Be1 f5 44. Ra7 Kg4 45. Rb7 Kf4 46. Ra7 Kg4
47. Rb7 f4 48. Ra7 Rd6 49. Bb4 Rd4 50. Be1 Re4+ 51. Kf1 Re7 52. Bb4 Rh7 53. Bc5
Kf5 54. Kf2 Ke4 55. Rxa6 Rxd7 56. Bb4 Rd4 57. Bc3 Rc4 58. Bg7 Bh4+ 59. Kg1 Rc1+
60. Kh2 Bg3+ 61. Kh3 Kf5 62. Rf6+ Kg5 63. Rxf4 Bxf4
0-1

[Event "Nordic chess championship for youth"]
[Site "Scandic Park hotell, Drammen"]
[Date "2017.02.18"]
[Round "4"]
[White "Heimisson, Hilmir Freyr"]
[Black "Hallman, Valo"]
[Result "0-1"]
[WhiteElo "2192"]
[BlackElo "2142"]
[PlyCount "98"]
[EventDate "2017.??.??"]

1. d4 d5 2. c4 e6 3. Nc3 Be7 4. Nf3 Nf6 5. Bg5 h6 6. Bh4 O-O 7. e3 b6 8. cxd5
exd5 9. Bd3 Bb7 10. O-O Nbd7 11. Rc1 Ne4 12. Bg3 Nxg3 13. hxg3 a6 14. Ne2 Bd6
15. a3 Nf6 16. Nf4 Re8 17. b4 c6 18. Rc2 a5 19. Qb1 axb4 20. axb4 Ra3 21. Ne5
Bxe5 22. dxe5 Nd7 23. Qb2 Ra8 24. e6 fxe6 25. Nh5 Qg5 26. Be2 Qe5 27. Qc1 Nf6
28. f4 Qf5 29. Nxf6+ Qxf6 30. Bd3 Ra4 31. Rb2 Rea8 32. Bb1 Ra3 33. Rbf2 Rc3 34.
Qd2 Raa3 35. Re1 Ba6 36. g4 Bd3 37. Bxd3 Rxd3 38. Qc1 Qc3 39. Rc2 Qxb4 40. Rxc6
Rac3 41. Rxc3 Qxc3 42. Qb1 Rxe3 43. Rc1 Qd3 44. Qxb6 Kh7 45. f5 Re4 46. f6 gxf6
47. Rc7+ Kg6 48. Qb8 Qe3+ 49. Kh2 Qf4+
0-1

[Event "Nordic chess championship for youth"]
[Site "Scandic Park hotell, Drammen"]
[Date "2017.02.18"]
[Round "4"]
[White "Nazarova, Anastasia"]
[Black "Birkisson, Bardur Orn"]
[Result "1-0"]
[WhiteElo "1998"]
[BlackElo "2175"]
[PlyCount "65"]
[EventDate "2017.??.??"]

1. e4 g6 2. d4 Bg7 3. Nc3 c6 4. Be3 d5 5. Qd2 Nf6 6. e5 Ng4 7. Bf4 h5 8. h3 Nh6
9. Nf3 b6 10. Be2 Qd7 11. O-O Na6 12. Rfe1 Nc7 13. Ng5 Ne6 14. Nxe6 Qxe6 15. b4
Bb7 16. b5 Nf5 17. bxc6 Bxc6 18. a4 Qd7 19. Reb1 f6 20. a5 fxe5 21. Bxe5 Bxe5
22. dxe5 d4 23. e6 Qb7 24. Qg5 Bxg2 25. a6 Qc8 26. Qxg2 Nh4 27. Qe4 dxc3 28.
Bb5+ Kf8 29. Bd7 Qb8 30. Qxh4 Qe5 31. Rb5 Qd6 32. Qe4 Kg7 33. Rg5
1-0

[Event "Nordic chess championship for youth"]
[Site "Scandic Park hotell, Drammen"]
[Date "2017.02.18"]
[Round "4"]
[White "Nilssen, Ellen Fredericia"]
[Black "Fang, Andy"]
[Result "1-0"]
[WhiteElo "1834"]
[BlackElo "1846"]
[PlyCount "73"]
[EventDate "2017.??.??"]
[WhiteClock "0:55:16"]
[BlackClock "0:51:14"]

1. d4 d5 2. c4 c6 3. Nc3 Nf6 4. Nf3 e6 5. cxd5 exd5 6. Bg5 Be7 7. e3 Bf5 8. Be2
O-O 9. O-O Nbd7 10. a3 a5 11. Rc1 Re8 12. Nh4 Bg6 13. Nxg6 hxg6 14. Bd3 Ne4 15.
Bf4 Bd6 16. Bxe4 Bxf4 17. Bxd5 Bxh2+ 18. Kxh2 cxd5 19. Nxd5 Qh4+ 20. Kg1 Nf6
21. Nxf6+ gxf6 22. Qf3 Kg7 23. g3 Qh3 24. Rc5 Qd7 25. Rfc1 Rec8 26. Kg2 b6 27.
Rc6 f5 28. Rxc8 Rxc8 29. Rxc8 Qxc8 30. Qd5 Qc2 31. b4 a4 32. Qe5+ Kg8 33. d5
Qe4+ 34. Qxe4 fxe4 35. Kh3 Kg7 36. Kg4 f5+ 37. Kg5
1-0

[Event "Nordic chess championship for youth"]
[Site "Scandic Park hotell, Drammen"]
[Date "2017.02.18"]
[Round "4"]
[White "Skaale, Janus"]
[Black "Olsen, Kaj"]
[Result "1-0"]
[WhiteElo "1696"]
[BlackElo "1513"]
[PlyCount "87"]
[EventDate "2017.??.??"]

1. e4 e5 2. Nf3 Nf6 3. Nxe5 d6 4. Nf3 Nxe4 5. Nc3 Bf5 6. Qe2 Qe7 7. Nd5 Qd7 8.
d3 Be6 9. dxe4 Bxd5 10. exd5+ Be7 11. Bd2 O-O 12. Qc4 Na6 13. Be3 Bf6 14. c3
Rfe8 15. Be2 Re7 16. O-O Rae8 17. Rfe1 Nc5 18. Bxc5 dxc5 19. Bd3 Qd6 20. Rxe7
Rxe7 21. Re1 g6 22. Rxe7 Qxe7 23. Qe4 Qd7 24. h3 Qd8 25. Bb5 Qd6 26. Nd2 Bg7
27. Nc4 Qf6 28. Bd7 Qg5 29. Ne3 Qf6 30. Qa4 Qe7 31. Bc8 Bh6 32. Nf1 Qd8 33.
Bxb7 Qb8 34. Qc6 Bc1 35. b3 Bb2 36. c4 Ba3 37. Ng3 Qd8 38. Qa4 Bb4 39. Qxa7 Qf6
40. Qb8+ Kg7 41. Qxc7 Qa1+ 42. Nf1 h6 43. d6 Qe5 44. Qe7
1-0

[Event "Nordic chess championship for youth"]
[Site "Scandic Park hotell, Drammen"]
[Date "2017.02.19"]
[Round "5"]
[White "Merkesvik, Sondre"]
[Black "Haug, Johannes"]
[Result "1/2-1/2"]
[WhiteElo "2258"]
[BlackElo "2311"]
[PlyCount "119"]
[EventDate "2017.??.??"]
[WhiteClock "0:03:33"]
[BlackClock "0:00:32"]

1. g3 Nf6 2. Bg2 e6 3. c4 d5 4. Nf3 d4 5. b4 c5 6. bxc5 Bxc5 7. Ba3 Qd6 8. Qa4+
Nfd7 9. Ng5 O-O 10. Ne4 Qc7 11. Nxc5 Nxc5 12. Qc2 e5 13. d3 Bf5 14. Nd2 Nbd7
15. O-O Rfe8 16. Nb3 Rab8 17. Rfb1 Ne6 18. Bb4 b6 19. Rb2 Nf6 20. Rab1 a5 21.
Ba3 Rec8 22. Nd2 Nd7 23. Ne4 Ndc5 24. Nxc5 Nxc5 25. Bxc5 bxc5 26. Rb7 Qd6 27.
Qa4 h5 28. Qxa5 Rxb7 29. Rxb7 e4 30. Bxe4 Bxe4 31. dxe4 Qe6 32. Qb5 Qxe4 33.
Rb8 Rxb8 34. Qxb8+ Kh7 35. Qb2 h4 36. Qd2 Kg8 37. Qd3 Qa8 38. a3 h3 39. f3 g6
40. Qb3 Qa5 41. Kf2 Qd2 42. Qb8+ Kg7 43. Qe5+ Kg8 44. g4 Qc1 45. Qe8+ Kg7 46.
Qe5+ Kg8 47. Qxc5 Qh1 48. Qe5 Qg2+ 49. Ke1 Qg1+ 50. Kd2 Qa1 51. Qa5 Qg1 52. Qe5
Qa1 53. Qb8+ Kg7 54. Qb3 Qg1 55. Qb8 Qe3+ 56. Kd1 Qg1+ 57. Kc2 Qe3 58. Kd1 Qg1+
59. Kc2 Qe3 60. Kd1
1/2-1/2